Visual basic 2005 Tập 3 - Quyển 2 Lập trình web với cơ sở dữ liệu

Nội dung quyển sách gồm: Tự học xây dựng ứng dụng Web quản lý CSDL toàn diện với ADO.NET 2.0 và ASP.NET. Khai thác các đối tượng và nguồn dữ liệu dành cho Web Forms. Sử dụng các điều khiển dữ liệu đặc thù dành riêng cho ASP.NET và Web. Làm qu...

وصف كامل

محفوظ في:
التفاصيل البيبلوغرافية
المؤلف الرئيسي: Phương Lan (Chủ biên)
مؤلف مشترك: Hoàng Đức Hải
التنسيق: كتاب
اللغة:Vietnamese
منشور في: Phương Đông 2007
الموضوعات:
الوسوم: إضافة وسم
لا توجد وسوم, كن أول من يضع وسما على هذه التسجيلة!
Thư viện lưu trữ: Thư viện Trường Đại học Nam Cần Thơ
LEADER 01684nam a22002417a 4500
001 NCT_22091
008 171121b xxu||||| |||| 00| 0 vie d
999 |c 1045  |d 1045 
020 |c 72000 
082 0 4 |2 23rd ed.  |a 005.13  |b L105/T.3-Q.2 
100 1 0 |a Phương Lan  |e Chủ biên 
245 1 0 |a Visual basic 2005  |n Tập 3 - Quyển 2  |p Lập trình web với cơ sở dữ liệu  |c Phương Lan, Hoàng Đức Hải 
260 |b Phương Đông  |c 2007 
300 |a 303 tr  |b Ảnh minh họa  |c 24 cm  |e Kèm CD 
520 |a Nội dung quyển sách gồm: Tự học xây dựng ứng dụng Web quản lý CSDL toàn diện với ADO.NET 2.0 và ASP.NET. Khai thác các đối tượng và nguồn dữ liệu dành cho Web Forms. Sử dụng các điều khiển dữ liệu đặc thù dành riêng cho ASP.NET và Web. Làm quen với những khái niệm xử lý dữ liệu hoàn toàn mới. 
653 |a Lập trình web 
655 |a Công nghệ thông tin 
710 1 |a Hoàng Đức Hải 
942 |2 ddc  |c BK 
952 |0 0  |1 0  |2 ddc  |4 0  |6 005_130000000000000_L105_T_3Q_2  |7 0  |9 3932  |a 000001  |b 000001  |d 2017-11-21  |o 005.13 L105/T.3-Q.2  |p MD.02105  |r 2017-11-21  |v 72000.00  |w 2017-11-21  |y BK 
952 |0 0  |1 0  |2 ddc  |4 0  |6 005_130000000000000_L105_T_3Q_2  |7 0  |9 3933  |a 000001  |b 000001  |d 2017-11-21  |o 005.13 L105/T.3-Q.2  |p MD.02106  |r 2017-11-21  |v 72000.00  |w 2017-11-21  |y BK 
952 |0 0  |1 0  |2 ddc  |4 0  |6 005_130000000000000_L105_T_3Q_2  |7 0  |9 3934  |a 000001  |b 000001  |d 2017-11-21  |o 005.13 L105/T.3-Q.2  |p MD.02107  |r 2017-11-21  |v 72000.00  |w 2017-11-21  |y BK 
980 |a Thư viện Trường Đại học Nam Cần Thơ